[Event "Tashkent Hodzhaev Memorial"]
[Site "Tashkent UZB"]
[Date "1987.??.??"]
[Round "?"]
[White "Ziatdinov, Raset"]
[Black "Tseshkovsky, Vitaly V"]
[Result "1-0"]
[WhiteElo "2365"]
[BlackElo "2505"]
[PlyCount "67"]
[EventDate "1987.??.??"]
[Source "www.chesslib.no"]
[SourceDate "2004.05.04"]

1. e4 c5 2. Nf3 Nc6 3. d4 cxd4 4. Nxd4 Nf6 5. Nc3 d6 6. Bg5 e6 7. Qd2 a6 8. O-O-O Bd7 9. f4 Be7 10. Nf3 b5 11. Bxf6 Bxf6 12. Qxd6 Be7 13. Qd2 b4 14. Na4 Ra7 15. Qe3 Qa5 16. b3 Rb7 17. Nd2 Na7 18. Nc4 Qc7 19. e5 Bxa4 20. bxa4 O-O 21. Bd3 Rfb8 22. Qe4 g6 23. h4 Rd8 24. h5 Nc6 25. hxg6 hxg6 26. Rh3 Bf8 27. Rdh1 Bg7 28. Rh7 Kf8 29. Qe3 Ne7 30. Qh3 Rxd3 31. cxd3 Ng8 32. Rxg7 Kxg7 33. Qh8+ Kf8 34. Rh7 1-0

[Event "NATT4-02 9599"]
[Site "NATT4-02 9599"]
[Date "1995.??.??"]
[Round "?"]
[White "Barrios Troncoso, Jose Antonio"]
[Black "Kopec, Danny"]
[Result "1/2-1/2"]
[WhiteElo "2460"]
[BlackElo "2410"]
[PlyCount "54"]
[EventDate "1995.??.??"]
[Source "www.chesslib.no"]
[SourceDate "2004.05.04"]

1. e4 c5 2. Nf3 Nc6 3. d4 cxd4 4. Nxd4 Nf6 5. Nc3 d6 6. Bg5 e6 7. Qd2 a6 8. O-O-O Be7 9. f4 Bd7 10. Nf3 b5 11. Bxf6 Bxf6 12. Qxd6 Ra7 13. e5 Be7 14. Qd2 Qa5 15. Kb1 Bb4 16. Ng5 Bxc3 17. bxc3 Rc7 18. Qd6 Ne7 19. Qb4 Qxb4+ 20. cxb4 Bc6 21. Rg1 Nd5 22. Rd4 Nc3+ 23. Kb2 h6 24. Nf3 Bd5 25. Bd3 Ke7 26. Ra1 Rhc8 27. Ne1 f5 1/2-1/2